Definovanie a hodnotenie problémov podnikania v cestovnom ruchu košického a prešovského kraja
Gespeichert in:
| 1. Verfasser: | |
|---|---|
| Weitere Verfasser: | , , |
| Format: | Buchkapitel |
| Sprache: | Slowakisch |
| Tags: |
Keine Tags, Fügen Sie das erste Tag hinzu!
|
MARC
| LEADER | 00000nla a2200000 4500 | ||
|---|---|---|---|
| 001 | 0162342 | ||
| 005 | 20240613103431.2 | ||
| 041 | 0 | |a slo | |
| 044 | |a SK | ||
| 245 | 1 | 0 | |a Definovanie a hodnotenie problémov podnikania v cestovnom ruchu košického a prešovského kraja |c Beáta Stehlíková, Branislav Kršák, Marcela Taušová, Michal Stričík |
| 100 | 1 | |a Stehlíková, Beáta | |
| 700 | 1 | |a Kršák, Branislav | |
| 700 | 1 | |a Taušová, Marcela | |
| 700 | 1 | |a Stričík, Michal, 1969- | |